000 00379nam a2200145Ia 4500
005 20251222143154.0
008 251222s9999||||xx |||||||||||||| ||spa||
020 _a8497052137
082 _a574.192/S21
100 _aSanz Berzosa, Isidora
245 0 _aFormulación en Química Orgánica
250 _a1ra. ed.
264 _bUniversidad Politécnica de Valencia
942 _cLIB
999 _c12791
_d12791